000 00513nam a2200181Ia 4500
005 20250326142558.0
008 250326s9999 xx 000 0 und d
037 _aTextbook
040 _aFMSL
_beng
_cFMSL
041 _aeng
_2eng
084 _aX:89Q K8;2
_qFMSL
100 _aTannenbaum A S
_9736348
245 0 _aControl in organizations.
_cTannenbaum A S
260 _aNew Delhi
_bNew Delhi, Tata Mc-Grow-Hill
_c1968
300 _a325p
942 _cTB
_hX:89Q K8;2
999 _c1295675
_d1295675